What will it really cost to put it right? (Record no. 73714)
[ view plain ]
| 000 -LEADER | |
|---|---|
| fixed length control field | 00983cam a2200205 4500 |
| 001 - CONTROL NUMBER | |
| control field | ##ABS67174 |
| 008 - FIXED-LENGTH DATA ELEMENTS--GENERAL INFORMATION | |
| fixed length control field | 031030n2003 000 0 eng u |
| 035 ## - SYSTEM CONTROL NUMBER | |
| System control number | (Sirsi) u124181 |
| 041 0# - LANGUAGE CODE | |
| Language code of text/sound track or separate title | eng |
| 100 1# - MAIN ENTRY--PERSONAL NAME | |
| Personal name | Shaw, E. |
| 245 00 - TITLE STATEMENT | |
| Title | What will it really cost to put it right? |
| 260 ## - PUBLICATION, DISTRIBUTION, ETC. | |
| Date of publication, distribution, etc. | 2003 |
| 490 #0 - SERIES STATEMENT | |
| Series statement | Estates Gazette |
| Volume/sequential designation | (0347) 18 October 2003, 124(1) |
| 520 ## - SUMMARY, ETC. | |
| Summary, etc. | Assesses the introduction of the additional step enabling landlords to assess their losses in making a claim, in the 2003 "Dilapidations: guidance note" (ISBN 184219075X). Stresses that the Civil Procedure Rules require issues to be identified at an early stage, reminds that the claimant is required to ensure the claim reflects the loss suffered and that the claim must take into account the landlord's proposals. |
| 590 ## - LOCAL NOTE (RLIN) | |
| Local note | ABS |
| 650 24 - SUBJECT ADDED ENTRY--TOPICAL TERM | |
| Topical term or geographic name entry element | CIVIL PROCEDURE RULES |
| 650 24 - SUBJECT ADDED ENTRY--TOPICAL TERM | |
| Topical term or geographic name entry element | DILAPIDATIONS GUIDANCE NOTE |
| 690 ## - LOCAL SUBJECT ADDED ENTRY--TOPICAL TERM (OCLC, RLIN) | |
| Topical term or geographic name as entry element | PROPERTY-LEASEHOLD PROPERTY-LANDLORD AND TENANT-DILAPIDATIONS |
| 942 ## - ADDED ENTRY ELEMENTS (KOHA) | |
| Suppress in OPAC | 0 |
| Withdrawn status | Lost status | Source of classification or shelving scheme | Damaged status | Not for loan | Home library | Current library | Shelving location | Date acquired | Total Checkouts | Full call number | Barcode | Date last seen | Copy number | Price effective from | Koha item type |
|---|---|---|---|---|---|---|---|---|---|---|---|---|---|---|---|
| Dewey Decimal Classification | London | London | Journal article | 30/10/2003 | ABS67174 | 124181-1001 | 06/08/2019 | 1 | 06/08/2019 | Journal article |